000 00330nam a2200133Ia 4500
005 20251222143156.0
008 251222s9999||||xx |||||||||||||| ||spa||
020 _a970-10-3084-2
082 _a658.15/B46
100 _aBesley, Scott
245 0 _aFundamentos de Administración Financiera
264 _bMcGraw-Hill
942 _cLIB
999 _c12869
_d12869